000 02081 a2200337 4500
005 20260224124417.0
008 260127b |||||||| |||| 00| 0 eng d
020 _a8170556139 (hbk) (खण्ड 1)
020 _a8170556147 (hbk) (खण्ड 2)
020 _a8170556155 (hbk) (खण्ड 3)
020 _a8170556163 (hbk) (खण्ड 4)
020 _a8170556171 (hbk) (खण्ड 5)
020 _a817055618X (hbk) (खण्ड 6)
020 _a8170556198 (hbk) (खण्ड 7)
020 _a8170556201 (hbk) (खण्ड 8)
020 _a817055621X (hbk) (खण्ड 9)
037 _cREF
040 _aCRL
_cCRL
041 _2hin
_ahin
084 _aO152,1N26x N8;P7.1-.9 (RR)
_qCRL
245 _aधर्मवीर भारती ग्रन्थावली
250 _a2 संस्करण
260 _aनयी दिल्ली, भारत:
_bवाणी प्रकाशन,
_c2007.
300 _aखण्ड 1 (1-446पृ.), खण्ड 2 (1-330पृ.), खण्ड 3 (1-456पृ.), खण्ड 4 (1-520पृ.), खण्ड 5 (1-303पृ.), खण्ड 6 (1-401पृ.), खण्ड 7 (1-400पृ.), खण्ड 8 (1-358पृ.), खण्ड 9 (1-445 पृ.)
365 _b8500.00
_cINR
650 _aहिन्दी साहित्य
_91112271
650 _aहिन्दी कविता
_91112272
700 _aबांदिवडेकर, चन्द्रकान्त
_eसंपादक
_91112270
942 _cREF
_2CC
_n0
_hO152,1N26x N8;P7.1-.9 (RR)
999 _c1490750
_d1490750